Nuestra arma es el pueblo
Gardado en:
| Autor Corporativo: | |
|---|---|
| Formato: | Desconocido |
| Publicado: |
Berlín:
FMJD
1984
|
| Materias: | |
| Etiquetas: |
Engadir etiqueta
Sen Etiquetas, Sexa o primeiro en etiquetar este rexistro!
|
MARC
| LEADER | 00000 a2200000 04500 | ||
|---|---|---|---|
| 001 | 14949 | ||
| 003 | cruCIDCACS/ IIS | ||
| 005 | 20230131170618.0 | ||
| 008 | 991231s1984 de d | ||
| 040 | |c cruCIDCACS/ IIS | ||
| 090 | |a 05.03.04 F293n | ||
| 110 | |a Federación Mundial de la Juventud Democrática | ||
| 245 | |a Nuestra arma es el pueblo |c Roberto Sánchez | ||
| 260 | |a Berlín: |b FMJD |c 1984 | ||
| 300 | |a 48 p. | ||
| 650 | 0 | |9 5164 |a REVOLUCION SANDINISTA | |
| 650 | 0 | |9 978 |a JUVENTUD | |
| 650 | 0 | |9 79 |a LIBERTAD | |
| 651 | 0 | |9 245 |a ESTADOS UNIDOS | |
| 651 | 0 | |9 1861 |a NICARAGUA | |
| 942 | |2 z |c LI | ||
| 999 | |c 11324 |d 11324 | ||
| 773 | 0 | |0 3391 |9 8139 |a Federación Mundial de la Juventud Democrática |d Berlín FMJD 1984 |o 09430 |t Nicaragua: una juventud, un pueblo, una revolución |w (cru CIDCACS/IIS)14950 | |
